000
00243nam a2200097Ia 4500
001
799234
005
20250826170843.0
008
250824s9999 xx 000 0 und d
245
0
_a
NUREDDİN ZENGİ ŞARKIN KANDİLİ
_c
ALİ EMRE
260
_b
KETEBE
999
_c
799234
_d
799234